[Event "Copenhagen Unibank"]
[Site "Copenhagen"]
[Date "1991.07.27"]
[Round "1"]
[White "Wlodarczyk, Robert"]
[Black "Vogt, Lothar"]
[Result "1/2-1/2"]
[WhiteElo "2285"]
[BlackElo "2510"]
[PlyCount "64"]
[EventDate "1991.07.??"]
[EventType "swiss"]
[EventRounds "9"]
[EventCountry "DEN"]

1. d4 Nf6 2. c4 g6 3. Nf3 Bg7 4. Nc3 O-O 5. Bg5 c5 6. e3 cxd4 7. exd4 d5 8. Bxf6 Bxf6 9. cxd5 Nd7 10. Be2 Nb6 11. Qb3 Bf5 12. O-O Qd6 13. Rac1 Rad8 14. Rfe1 a5 15. Ne5 Qb4 16. Bf3 Qxd4 17. Nb5 Qb4 18. Qxb4 axb4 19. Rc7 Nxd5 20. Rxb7 Nf4 21. Na7 Rd2 22. Nac6 Rxb2 23. Rxb4 Rxb4 24. Nxb4 Rd8 25. Nbc6 Rd2 26. a4 Ra2 27. a5 e6 28. h3 Nd3 29. Nxd3 Bxd3 30. Nb4 Bc3 31. Nxd3 Bxe1 32. Nxe1 Rxa5 1/2-1/2

[Event "Copenhagen Unibank"]
[Site "Copenhagen"]
[Date "1991.08.04"]
[Round "9"]
[White "Yurtaev, Leonid"]
[Black "Luther, Thomas"]
[Result "1/2-1/2"]
[WhiteElo "2525"]
[BlackElo "2495"]
[PlyCount "50"]
[EventDate "1991.07.??"]
[EventType "swiss"]
[EventRounds "9"]
[EventCountry "DEN"]

1. e4 e6 2. d4 d5 3. Nd2 c5 4. Ngf3 cxd4 5. exd5 Qxd5 6. Bc4 Qd6 7. O-O Nf6 8. Nb3 Nc6 9. Nbxd4 Nxd4 10. Nxd4 a6 11. Re1 Bd7 12. b3 O-O-O 13. Bb2 Qc7 14. Qe2 Bb4 15. Red1 Bc5 16. a4 h5 17. h3 Ng4 18. hxg4 hxg4 19. Qxg4 Qh2+ 20. Kf1 Qe5 21. g3 Bxd4 22. Bxd4 Rh1+ 23. Kg2 Bc6+ 24. f3 Rxd4 25. Qxd4 Qxd4 1/2-1/2

[Event "Copenhagen Unibank"]
[Site "Copenhagen"]
[Date "1991.07.29"]
[Round "3"]
[White "Yurtaev, Leonid"]
[Black "Asanov, Bolat"]
[Result "1/2-1/2"]
[WhiteElo "2525"]
[BlackElo "2400"]
[PlyCount "32"]
[EventDate "1991.07.??"]
[EventType "swiss"]
[EventRounds "9"]
[EventCountry "DEN"]

1. e4 e5 2. Nf3 Nc6 3. Bb5 a6 4. Ba4 Nf6 5. O-O Be7 6. Re1 b5 7. Bb3 d6 8. c3 O-O 9. h3 Na5 10. Bc2 c5 11. d4 Bb7 12. Nbd2 cxd4 13. cxd4 exd4 14. Nxd4 Re8 15. Nf1 Bf8 16. Ng3 d5 1/2-1/2

[Event "Copenhagen Unibank"]
[Site "Copenhagen"]
[Date "1991.07.27"]
[Round "1"]
[White "Yurtaev, Leonid"]
[Black "Hansen, Sune Berg"]
[Result "1-0"]
[WhiteElo "2525"]
[BlackElo "2320"]
[PlyCount "109"]
[EventDate "1991.07.??"]
[EventType "swiss"]
[EventRounds "9"]
[EventCountry "DEN"]

1. e4 c5 2. Nf3 d6 3. d4 cxd4 4. Nxd4 Nf6 5. Nc3 g6 6. Bb5+ Nbd7 7. Bg5 Bg7 8. Qe2 O-O 9. O-O-O a6 10. Bxd7 Bxd7 11. f4 Bg4 12. Nf3 Qa5 13. Kb1 Be6 14. Bxf6 Bxf6 15. Nd5 Bxd5 16. Rxd5 Qb6 17. e5 Bg7 18. Rhd1 Rfd8 19. c4 Rac8 20. b3 dxe5 21. fxe5 Rxd5 22. Rxd5 a5 23. Rb5 Qc7 24. Qe4 b6 25. Qd4 Rb8 26. Rd5 a4 27. Rd7 Qc5 28. Qxc5 bxc5 29. Kc2 axb3+ 30. axb3 f6 31. Nd2 Ra8 32. e6 Ra6 33. Rxe7 Kf8 34. Rf7+ Kg8 35. Rc7 Rxe6 36. Rxc5 Re2 37. Rd5 Bh6 38. c5 Rxg2 39. c6 Bf4 40. Rd8+ Kf7 41. c7 Bxc7 42. Rd7+ Ke6 43. Rxc7 Rxh2 44. b4 Kd6 45. Rc3 Re2 46. Kd3 Re8 47. Ne4+ Ke5 48. Rc5+ Kf4 49. Nxf6 Rd8+ 50. Rd5 Rxd5+ 51. Nxd5+ Ke5 52. Kc4 h5 53. b5 Kd6 54. Nf4 h4 55. Nh3 1-0

[Event "Copenhagen Unibank"]
[Site "Copenhagen"]
[Date "1991.07.31"]
[Round "5"]
[White "Yurtaev, Leonid"]
[Black "Jasnikowski, Zbigniew"]
[Result "0-1"]
[WhiteElo "2525"]
[BlackElo "2460"]
[PlyCount "60"]
[EventDate "1991.07.??"]
[EventType "swiss"]
[EventRounds "9"]
[EventCountry "DEN"]

1. e4 c5 2. Nf3 e6 3. Nc3 a6 4. d4 cxd4 5. Nxd4 d6 6. Be2 Nf6 7. O-O Nc6 8. Bg5 Be7 9. Qd3 O-O 10. Rad1 Bd7 11. Qg3 Ne8 12. h4 Rc8 13. Nf3 Kh8 14. Rd3 b5 15. a3 f6 16. Bc1 Ne5 17. Rd4 Nxf3+ 18. Bxf3 e5 19. Rd3 f5 20. exf5 Bxh4 21. Qh2 Bxf5 22. Be4 Bxe4 23. Nxe4 Rc4 24. Nd2 Rxc2 25. Rf3 Rxf3 26. Nxf3 Bxf2+ 27. Kh1 Nf6 28. Bg5 e4 29. Nh4 e3 30. Qh3 Qe8 0-1

[Event "Copenhagen Unibank"]
[Site "Copenhagen"]
[Date "1991.08.02"]
[Round "7"]
[White "Yurtaev, Leonid"]
[Black "Hector, Jonny"]
[Result "0-1"]
[WhiteElo "2525"]
[BlackElo "2500"]
[PlyCount "80"]
[EventDate "1991.07.??"]
[EventType "swiss"]
[EventRounds "9"]
[EventCountry "DEN"]

1. d4 d5 2. c4 c6 3. Nf3 Nf6 4. Nc3 dxc4 5. a4 Bf5 6. e3 e6 7. Bxc4 Bb4 8. O-O Nbd7 9. Qe2 Bg6 10. e4 O-O 11. e5 Nd5 12. Ne4 Be7 13. Rd1 h6 14. a5 b5 15. Bd3 a6 16. Ng3 c5 17. Bxg6 fxg6 18. dxc5 Bxc5 19. Qe4 Qe8 20. Rxd5 exd5 21. Qxd5+ Kh7 22. e6 Rd8 23. Bg5 Bxf2+ 24. Kxf2 Nf6 25. Qb3 hxg5 26. Nxg5+ Kh8 27. Kg1 Qe7 28. Nf7+ Rxf7 29. exf7 Rf8 30. Rd1 Ng4 31. Qd3 Qxf7 32. Qd4 Nf6 33. Qd6 Re8 34. Qxa6 Qb3 35. Rf1 Qxb2 36. Qc6 Qd4+ 37. Kh1 Qc4 38. Qb7 Ne4 39. Rb1 Qd3 40. Qxb5 Qxb5 0-1